Social correlates of English language proficiency of primary three pupils in Singapore /
Saved in:
| Main Author: | |
|---|---|
| Format: | Thesis Book |
| Language: | English |
| Published: |
1987.
|
| Subjects: | |
| Tags: |
Add Tag
No Tags, Be the first to tag this record!
|
| LEADER | 01015cam a2200301 4500 | ||
|---|---|---|---|
| 001 | u54182 | ||
| 003 | SIRSI | ||
| 008 | 880406s1987 si v 0 eng | ||
| 015 | |a X880080363 | ||
| 035 | |a AAF-8232 | ||
| 040 | |a UMM | ||
| 043 | |a a-si--- | ||
| 050 | 1 | |a PE3502.S55 | |
| 090 | 0 | 0 | |a PE3502 |b S55Te |
| 100 | 1 | 0 | |a Teo, Eng Kee |
| 245 | 1 | 0 | |a Social correlates of English language proficiency of primary three pupils in Singapore / |c by Teo Eng Kee |
| 260 | |c 1987. | ||
| 300 | |a xiii, 187 leaves ; |c 30cm | ||
| 502 | |a Dissertation (M.A.) -- National University of Singapore, 1987. | ||
| 504 | 0 | 0 | |a Bibliography: leaves 153-162 |
| 650 | 0 | |a English language |x Study and teaching (Primary) |z Singapore | |
| 650 | 0 | |a English language |x Ability testing | |
| 650 | 0 | |a English language |x Spoken English |z Singapore | |
| 984 | |c Closed stacks f PE3502.S55Teo@101043457F | ||
| 998 | 0 | 0 | |a UMM |
| 948 | |a 16/03/1991 |b 17/03/1991 | ||
| 596 | |a 1 | ||
| 999 | |a PE3502 S55TEO |w LC |c 1 |i A010434578 |l STACKS |m P01UTAMA |r Y |s Y |t TESIS |u 21/1/1992 | ||
